| 000 | 01265nam a22003737a 4500 | ||
|---|---|---|---|
| 003 | CHAP | ||
| 005 | 20220329133619.0 | ||
| 008 | 971013s1993 r 00010 d | ||
| 010 | _a8580 | ||
| 011 | _a9552 | ||
| 035 | _a8787 | ||
| 040 | _cCHAP | ||
| 090 | _aTesis | ||
| 100 | 0 | 0 |
_aLeyva Ovalle, Otto Raúl. _966585 |
| 245 | _aRevigorización de semilla de sorgo (Sorghum bicolor (L.) Moench) mediante soluciones osmóticas | ||
| 260 |
_aChapingo, Méx. : _bEl autor, _c1993 |
||
| 300 | _a72 h. | ||
| 502 | _aTesis (Ing. Agr. Esp. en Fitotecnia) -- UACH. Departamento de Fitotecnia | ||
| 590 |
_aALEPH _b10 _c20130110 _lUCH01 _h1224 |
||
| 590 |
_aBATCH-UPD _b10 _c20130110 _lUCH01 _h0001 |
||
| 590 |
_aBATCH-UPD _b10 _c20130110 _lUCH01 _h1440 |
||
| 590 |
_aBATCH-UPD _b10 _c20130409 _lUCH01 _h1936 |
||
| 590 |
_aBATCH-UPD _b10 _c20130410 _lUCH01 _h0912 |
||
| 590 |
_aBATCH-UPD _b10 _c20130914 _lUCH01 _h1854 |
||
| 590 |
_aCONVERSION _b10 _c20130109 _lUCH01 _h1306 |
||
| 650 | 1 | 4 |
_aOsmosis. _984198 |
| 650 | 1 | 4 |
_aSorgo _xFisiología y morfología. _9108671 |
| 650 | 1 | 4 |
_aSorgo _xGerminación. _9108674 |
| 650 | 1 | 4 |
_aSorgo _xPlántulas. _9108705 |
| 650 | 1 | 4 |
_aSorgo _xSemilla. _9108720 |
| 901 | _aBK | ||
| 942 | _cTESIS | ||
| 949 |
_bBC _cTES _d-19128 _eTS1 _h26460 _i8787 _mD _si |
||
| 999 |
_c8580 _d8580 |
||